MARC

LEADER 00000nam0a2200000 4500
001 317242
005 20231102002944.0
020 |a RU  |b 82-51769 
035 |a (RuTPU)RU\TPU\book\342710 
090 |a 317242 
100 |a 20160406d1982 km y0rusy5003 ca 
101 0 |a rus 
102 |a RU 
105 |a a z 001zy 
200 1 |a Операторные методы в нелинейном анализе  |e сборник статей  |f под ред. А. И. Перова 
210 |a Воронеж  |c Изд-во Воронежского гос. ун-та  |d 1982 
215 |a 153 с.  |c граф. 
320 |a Библиогр. в конце ст. 
606 1 |a Функциональный анализ, нелинейный  |2 stltpush  |3 (RuTPU)RU\TPU\subj\17111  |9 42935 
610 1 |a операторы 
610 1 |a методы 
610 1 |a приближенные методы 
610 1 |a нелинейные уравнения 
610 1 |a отображения 
610 1 |a расщепление 
610 1 |a эволюционные задачи 
610 1 |a асимптотические методы 
610 1 |a дифференциальные уравнения 
610 1 |a вырождающиеся дифференциальные уравнения 
610 1 |a теорема вложения 
610 1 |a неподвижные точки 
675 |a 517.988  |z rus  |v 3 
702 1 |a Перов  |b А. И.  |g Александр Иванович  |4 340 
801 0 |a RU  |b RuMRKP  |c 19950704  |g psbo 
801 1 |a RU  |b 63413507  |c 20160406 
801 2 |a RU  |b 63413507  |c 20191223  |g RCR 
942 |c BK